Tilastot visalle Benin-visa

Klikkaa tästä pelataksesi tätä visaa!

Yleistilastot

  • Tätä visaa on pelattu 177 kertaa
  • Keskiarvotulos 12 / 18

Vastaustilastot

VihjeVastaus% Oikein
Virallinen kieliRanska
95%
NaapurimaatNiger
94%
NaapurimaatTogo
94%
NaapurimaatNigeria
93%
NaapurimaatBurkina Faso
90%
Beninin virallinen pääkaupunkiPorto-Novo
82%
Suurempi lahti, jonka osa yllä oleva on{Guinean}lahti
80%
Beninin valuuttaCFA-frangi
74%
Beninin ja sen naapurimaiden rannikkoalueista aiemmin käytetty nimitys,
perustui sen asemaan sen nimen mukaisen kaupan keskuksena
{Orja}rannikko
70%
Hallinnollinen pääkaupunki ja suurin kaupunkiCotonou
68%
Merenlahti, jonka rannalla Benin sijaitsee{Beninin}lahti
67%
Uskonto, jota 11,6 % Beninin asukkaista harjoittaa,
suurempi osuus kuin missään muussa maassa
Voodoo
66%
Tärkein vientituotePuuvilla
52%
Beninin entinen nimiDahomey
43%
Puhutuimmat äidinkieletJoruba
39%
Puhutuimmat äidinkieletFon
35%
Yllä olevan nimisen 1600-luvulla
perustetun kuningaskunnan pääkaupunki,
nykyisin maailmanperintökohde
Abomey
32%
Beniniläis-yhdysvaltalainen näytelijä, joka esiintyi elokuvissa
"Blood Diamond – veritimantti" ja "Gladiator"
Djimon Hounsou
32%

Tulosjakauma

Persentiili vastausten määrän mukaan

Jokaisen tuloksen saaneiden osuus

Tuloshistoriasi

Et ole pelannut tätä visaa